[Event "Sachsen-Anhalt Verbandsliga 1920"]
[Site "Sachsen Anhalt"]
[Date "2020.10.18"]
[Round "9.2"]
[White "Hintzsche, Ingolf"]
[Black "Hartung, Katja"]
[Result "1-0"]
[WhiteElo "1979"]
[BlackElo "1853"]
[PlyCount "43"]
[EventDate "2019.09.29"]
[EventType "team-tourn"]
[EventRounds "9"]
[EventCountry "GER"]
[SourceTitle "EXT 2023"]
[Source "ChessBase"]
[SourceDate "2022.10.05"]
[SourceVersion "1"]
[SourceVersionDate "2022.10.05"]
[SourceQuality "1"]
[WhiteTeam "Graefenhainichen"]
[BlackTeam "Merseburg"]
[WhiteTeamCountry "GER"]
[BlackTeamCountry "GER"]

1. e4 e5 2. Nf3 Nc6 3. Bb5 a6 4. Ba4 b5 5. Bb3 Nf6 6. 0-0 Be7 7. Re1 0-0 8. a4 Bb7 9. c3 d5 10. axb5 axb5 11. Rxa8 Bxa8 12. exd5 Nxd5 13. d3 Bf6 14. Bc2 b4 15. Qe2 Qc8 16. d4 Qg4 17. Bxh7+ Kh8 18. Be4 Nf4 19. Bxf4 exf4 20. h3 Qd7 21. Ne5 Nxe5 22. Qh5+ 1-0

[Event "BL2 Ost 1920 (Women)"]
[Site "Germany"]
[Date "2020.02.15"]
[Round "6.1"]
[White "Arnhold, Steffi"]
[Black "Hartung, Katja"]
[Result "1-0"]
[WhiteElo "2048"]
[BlackElo "1925"]
[PlyCount "147"]
[EventDate "2019.09.14"]
[EventType "team-tourn"]
[EventRounds "7"]
[EventCountry "GER"]
[SourceTitle "EXT 2021"]
[Source "ChessBase"]
[SourceDate "2020.10.23"]
[SourceVersion "1"]
[SourceVersionDate "2020.10.23"]
[SourceQuality "1"]
[WhiteTeam "Niederwiesa Gruen Weiss (W)"]
[BlackTeam "Merseburg (W)"]
[WhiteTeamCountry "GER"]
[BlackTeamCountry "GER"]

1. e4 e5 2. Nf3 Nc6 3. Bc4 Bc5 4. c3 Nf6 5. d3 d6 6. Nbd2 a6 7. a4 Ba7 8. 0-0 Bg4 9. h3 Bh5 10. Re1 h6 11. Nf1 g5 12. Ng3 Bg6 13. Nxg5 Qd7 14. Nf3 0-0-0 15. Nh4 Rdg8 16. Qf3 Ne8 17. b4 Nd8 18. Be3 Bxe3 19. Qxe3 Kb8 20. a5 Ne6 21. Reb1 c6 22. Bxe6 fxe6 23. c4 Nc7 24. Qb6 Na8 25. Qe3 Nc7 26. Rb2 Be8 27. Rd1 Qe7 28. Nf3 Qg7 29. d4 Bh5 30. dxe5 Bxf3 31. Qxf3 Qxe5 32. Rbd2 h5 33. Rxd6 Rf8 34. Qe2 h4 35. Nf1 Nd5 36. cxd5 Qxd6 37. e5 Qxb4 38. dxc6 Qxa5 39. cxb7 Rf7 40. Rd6 Qb5 41. Qa2 Rg8 42. Qxe6 Rfg7 43. Ne3 Re8 44. Qf6 Rxb7 45. Rxa6 Qxe5 46. Qxe5+ Rxe5 47. Rh6 Rg7 48. Rxh4 Kc8 49. Rd4 Rd7 50. Rxd7 Kxd7 51. g4 Ke6 52. Kg2 Kf6 53. Kg3 Rc5 54. h4 Rb5 55. f3 Rb3 56. Kf4 Rb4+ 57. Kg3 Rb3 58. Nd5+ Ke5 59. Ne7 Rb1 60. Ng6+ Kf6 61. h5 Rb3 62. Nh4 Kg5 63. Nf5 Rd3 64. h6 Ra3 65. Kf2 Kf4 66. h7 Ra2+ 67. Kg1 Ra1+ 68. Kg2 Ra2+ 69. Kh3 Ra1 70. Ng3 Ra8 71. Nh5+ Kxf3 72. Nf6 Ra1 73. Kh4 Kf4 74. Nh5+ 1-0

[Event "Sachsen-Anhalt Verbandsliga 1920"]
[Site "Sachsen Anhalt"]
[Date "2020.01.19"]
[Round "5.4"]
[White "Erler, Rainer"]
[Black "Hartung, Katja"]
[Result "0-1"]
[WhiteElo "2024"]
[BlackElo "1853"]
[PlyCount "78"]
[EventDate "2019.09.29"]
[EventType "team-tourn"]
[EventRounds "9"]
[EventCountry "GER"]
[SourceTitle "EXT 2023"]
[Source "ChessBase"]
[SourceDate "2022.10.05"]
[SourceVersion "1"]
[SourceVersionDate "2022.10.05"]
[SourceQuality "1"]
[WhiteTeam "Dessau"]
[BlackTeam "Merseburg"]
[WhiteTeamCountry "GER"]
[BlackTeamCountry "GER"]

1. e4 e5 2. Nf3 Nc6 3. Bb5 a6 4. Ba4 b5 5. Bb3 Nf6 6. 0-0 Be7 7. Re1 0-0 8. d4 d6 9. c3 Bg4 10. d5 Na5 11. Bc2 c6 12. dxc6 Qc7 13. h3 Bh5 14. Nbd2 Rad8 15. Qe2 Nxc6 16. g4 Bg6 17. Nh4 d5 18. Nxg6 hxg6 19. exd5 Nxd5 20. Ne4 Nf6 21. a4 b4 22. Qxa6 bxc3 23. bxc3 Nd4 24. cxd4 Qxc2 25. Nxf6+ Bxf6 26. Ba3 Rfe8 27. Re2 Qc3 28. Bb2 Qxh3 29. Re3 Qxg4+ 30. Rg3 Qf5 31. dxe5 Bh4 32. Rg2 Rd2 33. Qb6 Red8 34. Rf1 R8d3 35. Qb8+ Kh7 36. Rh2 Qg4+ 37. Kh1 Rh3 38. e6 Qf3+ 39. Kg1 Bxf2+ 0-1

[Event "Regionalliga SO 1718 (Women)"]
[Site "Germany"]
[Date "2018.01.28"]
[Round "4.1"]
[White "Goldmund, Heike"]
[Black "Hartung, Katja"]
[Result "0-1"]
[WhiteElo "1620"]
[BlackElo "1916"]
[PlyCount "104"]
[EventDate "2017.10.15"]
[EventType "team-tourn"]
[EventRounds "5"]
[EventCountry "GER"]
[SourceTitle "CBM 183 Extra"]
[Source "ChessBase"]
[SourceDate "2018.04.19"]
[SourceVersion "1"]
[SourceVersionDate "2018.04.19"]
[SourceQuality "1"]
[WhiteTeam "Meuselwitz (W)"]
[BlackTeam "Merseburg (W)"]
[WhiteTeamCountry "GER"]
[BlackTeamCountry "GER"]

1. b4 c6 2. e3 d5 3. Bb2 Nf6 4. Nf3 e6 5. a3 Bd6 6. c4 0-0 7. Be2 Nbd7 8. 0-0 e5 9. d3 b6 10. Nbd2 Bb7 11. Qc2 Rc8 12. Rac1 Bb8 13. Rfd1 dxc4 14. Nxc4 Re8 15. Bf1 Qe7 16. Ncd2 Nd5 17. Ne4 N7f6 18. d4 Nxe4 19. Qxe4 c5 20. dxc5 Nc3 21. Qg4 Nxd1 22. Rxd1 Bxf3 23. Qxf3 bxc5 24. Bc3 Qc7 25. Qg4 Re6 26. f4 Rg6 27. Qf5 Rf8 28. Bxe5 Qb6 29. Bc3 cxb4 30. Bd4 Qe6 31. Qxe6 Rxe6 32. axb4 Rd8 33. Rc1 g6 34. Kf2 Bxf4 35. Bxa7 Bg5 36. Bd4 Rxd4 37. exd4 Bxc1 38. d5 Rf6+ 39. Ke1 Bd2+ 40. Kxd2 Rxf1 41. d6 Rf6 42. d7 Rd6+ 43. Kc3 Rxd7 44. b5 Kg7 45. g4 Kf6 46. h3 Ke5 47. Kc4 Rc7+ 48. Kb4 Kd5 49. b6 Rb7 50. Kb5 f5 51. gxf5 gxf5 52. Ka6 Kc6 0-1

[Event "Oberliga Ost-B 1415"]
[Site "Germany"]
[Date "2015.02.22"]
[Round "8.6"]
[White "Sieber, Stephan"]
[Black "Hartung, Katja"]
[Result "1-0"]
[WhiteElo "2193"]
[BlackElo "1943"]
[PlyCount "37"]
[EventDate "2014.09.21"]
[EventType "team-tourn"]
[EventRounds "11"]
[EventCountry "GER"]
[SourceTitle "EXT 2016"]
[Source "ChessBase"]
[SourceDate "2015.10.08"]
[SourceVersion "1"]
[SourceVersionDate "2015.10.08"]
[SourceQuality "1"]
[WhiteTeam "Erfurt Empor"]
[BlackTeam "Merseburg"]
[WhiteTeamCountry "GER"]
[BlackTeamCountry "GER"]

1. e4 e5 2. Nf3 Nc6 3. Bb5 a6 4. Ba4 Nf6 5. Qe2 b5 6. Bb3 Be7 7. c3 0-0 8. 0-0 d5 9. exd5 Nxd5 10. Nxe5 Nxe5 11. Qxe5 c6 12. d4 Bd6 13. Qh5 g6 14. Qf3 Qh4 15. g3 Bg4 16. Qxd5 cxd5 17. gxh4 Be2 18. Bxd5 Rae8 19. Bh6 1-0

[Event "Oberliga Ost-B 1415"]
[Site "Germany"]
[Date "2014.10.18"]
[Round "2.6"]
[White "Rueger, Erhard"]
[Black "Hartung, Katja"]
[Result "1-0"]
[WhiteElo "2126"]
[BlackElo "1943"]
[PlyCount "55"]
[EventDate "2014.09.21"]
[EventType "team-tourn"]
[EventRounds "11"]
[EventCountry "GER"]
[SourceTitle "EXT 2016"]
[Source "ChessBase"]
[SourceDate "2015.10.08"]
[SourceVersion "1"]
[SourceVersionDate "2015.10.08"]
[SourceQuality "1"]
[WhiteTeam "Frankfurt BvK"]
[BlackTeam "Merseburg"]
[WhiteTeamCountry "GER"]
[BlackTeamCountry "GER"]

1. Nf3 d5 2. g3 c6 3. Bg2 Nd7 4. d4 f5 5. 0-0 Ngf6 6. b3 e6 7. Ba3 Bxa3 8. Nxa3 Ne4 9. Qd3 0-0 10. b4 Qe7 11. Rab1 a5 12. b5 c5 13. c4 cxd4 14. cxd5 Nc3 15. Nxd4 Nxb1 16. Nxb1 Ne5 17. Qe3 Ng4 18. Qb3 Qb4 19. dxe6 Qe7 20. Nc3 Kh8 21. Qd5 g6 22. h3 Nf6 23. Qe5 Kg8 24. Rc1 Bd7 25. Bxb7 Rae8 26. Nd5 Nxd5 27. Bxd5 Rc8 28. exd7+ 1-0

[Event "GER-chT Federal Cup (Women)"]
[Site "Germany"]
[Date "2011.06.17"]
[Round "3.4"]
[White "Hartung, Katja"]
[Black "Leveikina, Jevgenija"]
[Result "0-1"]
[WhiteElo "1933"]
[BlackElo "2100"]
[PlyCount "74"]
[EventDate "2011.06.16"]
[EventType "team-swiss"]
[EventRounds "5"]
[EventCountry "GER"]
[SourceTitle "EXT 2012"]
[Source "ChessBase"]
[SourceDate "2011.11.24"]
[SourceVersion "1"]
[SourceVersionDate "2011.11.24"]
[SourceQuality "1"]
[WhiteTeam "Sachsen Anhalt"]
[BlackTeam "Nordrhein Westfalen"]
[WhiteTeamCountry "GER"]
[BlackTeamCountry "GER"]

1. e4 c6 2. d4 d5 3. e5 Bf5 4. Nc3 Qb6 5. a3 e6 6. g4 Bg6 7. Nge2 f6 8. Nf4 Bf7 9. exf6 Nd7 10. fxg7 Bxg7 11. Be3 0-0-0 12. b4 Qc7 13. Be2 e5 14. Nh3 Ne7 15. Ng5 Bg8 16. Qd2 h6 17. Nh3 Nb6 18. 0-0-0 Nc4 19. Bxc4 dxc4 20. Ne2 Bd5 21. Rhg1 Bf3 22. Rg3 c3 23. Qd3 Bxe2 24. Qxe2 exd4 25. Bf4 Qd7 26. b5 Nd5 27. Qc4 Rhf8 28. Rf3 Nxf4 29. Rxf4 Qd6 30. Qa4 Rxf4 31. bxc6 Rf7 32. Qxa7 Qxc6 33. Re1 Qa6 34. Qc5+ Rc7 35. Qf5+ Kb8 36. Re6 Qxa3+ 37. Kd1 d3 0-1

[Event "GER-chT Federal Cup (Women)"]
[Site "Germany"]
[Date "2011.06.17"]
[Round "2.4"]
[White "Kierzek, Mira"]
[Black "Hartung, Katja"]
[Result "0-1"]
[WhiteElo "2055"]
[BlackElo "1933"]
[PlyCount "82"]
[EventDate "2011.06.16"]
[EventType "team-swiss"]
[EventRounds "5"]
[EventCountry "GER"]
[SourceTitle "EXT 2012"]
[Source "ChessBase"]
[SourceDate "2011.11.24"]
[SourceVersion "1"]
[SourceVersionDate "2011.11.24"]
[SourceQuality "1"]
[WhiteTeam "Hessen"]
[BlackTeam "Sachsen Anhalt"]
[WhiteTeamCountry "GER"]
[BlackTeamCountry "GER"]

1. d4 d5 2. c4 e6 3. Nf3 c6 4. e3 f5 5. Nc3 Bd6 6. Bd3 Nf6 7. c5 Bc7 8. 0-0 0-0 9. b4 Nbd7 10. b5 Ne4 11. Ne2 Ndf6 12. a4 Qe8 13. Ba3 Ng4 14. h3 Ngf6 15. Rc1 g5 16. Ne5 g4 17. h4 g3 18. f3 Qh5 19. fxe4 dxe4 20. Nxg3 Qxh4 21. Nxe4 Bxe5 22. Nxf6+ Bxf6 23. Qf3 Bd7 24. Bb2 Qh6 25. Bc3 Rf7 26. Bc4 Raf8 27. Rce1 Kh8 28. Re2 Rg7 29. e4 Rfg8 30. Bb2 Rg3 31. Qf4 Qg7 32. Rff2 Bxd4 33. Bxd4 Qxd4 34. Kf1 cxb5 35. Bxb5 Ra3 36. Rd2 Ra1+ 37. Ke2 Bxb5+ 38. axb5 Qc4+ 39. Rd3 Ra2+ 40. Ke3 Qxc5+ 41. Rd4 Ra3+ 0-1